Dampening Global Financial Shocks : Can Macroprudential Regulation Help (More than Capital Controls)? /

We show that macroprudential regulation can considerably dampen the impact of global financial shocks on emerging markets. More specifically, a tighter level of regulation reduces the sensitivity of GDP growth to VIX movements and capital flow shocks. A broad set of macroprudential tools contribute...

Celý popis

Podrobná bibliografie
Hlavní autor: Bergant, Katharina
Další autoři: Grigoli, Francesco, Hansen, Niels-Jakob, Sandri, Damiano
Médium: Časopis
Jazyk:English
Vydáno: Washington, D.C. : International Monetary Fund, 2020.
Edice:IMF Working Papers; Working Paper ; No. 2020/106
On-line přístup:Full text available on IMF
LEADER 02095cas a2200277 a 4500
001 AALejournalIMF021046
008 230101c9999 xx r poo 0 0eng d
020 |c 5.00 USD 
020 |z 9781513547763 
022 |a 1018-5941 
040 |a BD-DhAAL  |c BD-DhAAL 
100 1 |a Bergant, Katharina. 
245 1 0 |a Dampening Global Financial Shocks :   |b Can Macroprudential Regulation Help (More than Capital Controls)? /  |c Katharina Bergant, Francesco Grigoli, Niels-Jakob Hansen, Damiano Sandri. 
264 1 |a Washington, D.C. :  |b International Monetary Fund,  |c 2020. 
300 |a 1 online resource (41 pages) 
490 1 |a IMF Working Papers 
500 |a <strong>Off-Campus Access:</strong> No User ID or Password Required 
500 |a <strong>On-Campus Access:</strong> No User ID or Password Required 
506 |a Electronic access restricted to authorized BRAC University faculty, staff and students 
520 3 |a We show that macroprudential regulation can considerably dampen the impact of global financial shocks on emerging markets. More specifically, a tighter level of regulation reduces the sensitivity of GDP growth to VIX movements and capital flow shocks. A broad set of macroprudential tools contribute to this result, including measures targeting bank capital and liquidity, foreign currency mismatches, and risky forms of credit. We also find that tighter macroprudential regulation allows monetary policy to respond more countercyclically to global financial shocks. This could be an important channel through which macroprudential regulation enhances macroeconomic stability. These findings on the benefits of macroprudential regulation are particularly notable since we do not find evidence that stricter capital controls provide similar gains. 
538 |a Mode of access: Internet 
700 1 |a Grigoli, Francesco. 
700 1 |a Hansen, Niels-Jakob. 
700 1 |a Sandri, Damiano. 
830 0 |a IMF Working Papers; Working Paper ;  |v No. 2020/106 
856 4 0 |z Full text available on IMF  |u http://elibrary.imf.org/view/journals/001/2020/106/001.2020.issue-106-en.xml  |z IMF e-Library